000 00599nam a2200229Ia 4500
003 OSt
005 20220918183254.0
006 a|||||r|||| 00| 0
007 ta
008 220917b |||||||| |||| 00| 0 eng d
024 _a37,121
037 _cTextual
040 _aARTS
_cARTS
_beng
041 _2eng
_aeng
082 _aO115:2M28x, 111F4
100 _aIbsen H
245 0 _aLady Inger of Ostraat love's comedy and the league of youth
260 _c1924
650 _aENGLISH LITERATURE
942 _hO115:2M28x, 111F4
_cTEXL
_2CC
999 _c172104
_d172104